Republican ethic (Record no. 987459)

MARC details
000 -LEADER
fixed length control field 00866nam a2200265Ia 4500
003 - CONTROL NUMBER IDENTIFIER
control field OSt
005 - DATE AND TIME OF LATEST TRANSACTION
control field 20221005081252.0
008 - FIXED-LENGTH DATA ELEMENTS--GENERAL INFORMATION
fixed length control field 221004b |||||||| |||| 00| 0 hin d
020 ## - INTERNATIONAL STANDARD BOOK NUMBER
International Standard Book Number 9789354090417 (hbk)
037 ## - SOURCE OF ACQUISITION
Terms of availability Textual
040 ## - CATALOGING SOURCE
Original cataloging agency CRL
Transcribing agency CRL
Language of cataloging hin
041 ## - LANGUAGE CODE
Source of code hin
Language code of text/sound track or separate title hin
100 ## - MAIN ENTRY--PERSONAL NAME
Personal name Kovind Ram Nath Au.
9 (RLIN) 610935
245 #0 - TITLE STATEMENT
Title Republican ethic
Remainder of title President Ram Nath Kovind selected speeches- Vol.3
260 ## - PUBLICATION, DISTRIBUTION, ETC.
Place of publication, distribution, etc. New Delhi
Name of publisher, distributor, etc. Publications Diision India
Date of publication, distribution, etc. 2020
300 ## - PHYSICAL DESCRIPTION
Extent 245p.
Dimensions cm.
650 ## - SUBJECT ADDED ENTRY--TOPICAL TERM
Topical term or geographic name entry element PRESIDENTS - CHINA
9 (RLIN) 597809
650 ## - SUBJECT ADDED ENTRY--TOPICAL TERM
Topical term or geographic name entry element INDIA - HISTORY
942 ## - ADDED ENTRY ELEMENTS (KOHA)
Classification part V2,1y7N45, R0
Koha item type Textual
Source of classification or shelving scheme
Holdings
Withdrawn status Lost status Damaged status Not for loan Home library Current library Date acquired Source of acquisition Total Checkouts Full call number Barcode Date last seen Price effective from Koha item type
        Central Library Central Library 2022-10-05 1856, 04/03/2021, Bright Book Service   V2,1y7N45 R0 CL1678709 2022-10-05 2022-10-05 Textual
Copyright @ Delhi University Library System